Analýza deformácií chemicko-tepelne spracovaných plechov lamely mechanickej spojky
Uložené v:
| Hlavný autor: | |
|---|---|
| Ďalší autori: | |
| Médium: | Rukopis Kniha |
| Jazyk: | Slovak |
| Vydavateľské údaje: |
2020
|
| Predmet: | |
| On-line prístup: | http://is.stuba.sk/zp/portal_zp.pl?podrobnosti=151369 |
| Tagy: |
Žiadne tagy, Buďte prvý, kto otaguje tento záznam!
|
MARC
| LEADER | 00000ntm a22000003a 4500 | ||
|---|---|---|---|
| 001 | stuzp78531 | ||
| 003 | SK-STU | ||
| 005 | 20200704212157.3 | ||
| 007 | ta | ||
| 008 | 150427s2015----xo-----f-mn---000-0-slo-d | ||
| 040 | |a STU |b slo | ||
| 041 | 0 | |a slo | |
| 100 | 1 | |a Bogyová, Romana |u 061000 |k Z4 |4 aut |U MTF Materiálovotechnologická fakulta |T MTF Ústav materiálov |X 80145 |U M1000 |Y 81 |7 80145 | |
| 242 | 0 | 1 | |a Analysis of deformations of chemical-heat treated metal plates of mechanical clutch |y eng |
| 245 | 1 | 0 | |a Analýza deformácií chemicko-tepelne spracovaných plechov lamely mechanickej spojky |
| 260 | |c 2020 | ||
| 650 | 4 | |a lamela spojky |2 slo | |
| 650 | 4 | |a analýza deformácií |2 slo | |
| 650 | 4 | |a mechanická spojka |2 slo | |
| 650 | 4 | |a chemicko-tepelné spracovanie |2 slo | |
| 650 | 4 | |a chemical-heat treatment |2 eng | |
| 650 | 4 | |a deformations analysis |2 eng | |
| 650 | 4 | |a mechanical clutch |2 eng | |
| 650 | 4 | |a clutch disk |2 eng | |
| 700 | 1 | |a Hazlinger, Marián |u 061000 |k Z1 |4 ths |U MTF Materiálovotechnologická fakulta |T MTF Ústav materiálov |X 289 |U M1000 |Y 81 |7 A000000289 | |
| 856 | 4 | |u http://is.stuba.sk/zp/portal_zp.pl?podrobnosti=151369 | |
| 996 | |c M* DP-14161 |l MMSKP |s P |a 0 |w stuzp78531_0001 | ||